<?xml version="1.0" encoding="UTF-8"?>
<record
    xmlns:xsi="http://www.w3.org/2001/XMLSchema-instance"
    xsi:schemaLocation="http://www.loc.gov/MARC21/slim http://www.loc.gov/standards/marcxml/schema/MARC21slim.xsd"
    xmlns="http://www.loc.gov/MARC21/slim">

  <leader>02289naa a2200277 i 4500</leader>
  <controlfield tag="001">2684</controlfield>
  <controlfield tag="003">KOSZ 005</controlfield>
  <controlfield tag="005">20180203124742.0</controlfield>
  <controlfield tag="008">140922s2009    pl     f     |100 0 pol</controlfield>
  <datafield tag="040" ind1=" " ind2=" ">
    <subfield code="c">BPK</subfield>
    <subfield code="d">KOSZ 005/EG</subfield>
  </datafield>
  <datafield tag="080" ind1=" " ind2=" ">
    <subfield code="a">664</subfield>
  </datafield>
  <datafield tag="100" ind1="1" ind2=" ">
    <subfield code="a">KUBIAK, Mariusz S&#x142;awomir.</subfield>
    <subfield code="d">2008 - .</subfield>
    <subfield code="b">Politechnika Koszali&#x144;ska - Wydzia&#x142; Mechaniczny,</subfield>
    <subfield code="c">Katedra In&#x17C;ynierii Spo&#x17C;ywczej i Tworzyw Sztucznych</subfield>
  </datafield>
  <datafield tag="245" ind1="1" ind2="0">
    <subfield code="a">Ocena polskich kie&#x142;basek drobiowych z serem na tle francuskich wyrob&#xF3;w =</subfield>
    <subfield code="b">The rating of polish chickensausages with the cheese against the background of french products /</subfield>
    <subfield code="c">Mateusz Lis, Tomasz Borowy, Mariusz S. Kubiak.</subfield>
  </datafield>
  <datafield tag="246" ind1="3" ind2="1">
    <subfield code="a">The rating of polish chickensausages with the cheese against the background of french products</subfield>
  </datafield>
  <datafield tag="500" ind1=" " ind2=" ">
    <subfield code="a">Dane z autopsji.</subfield>
  </datafield>
  <datafield tag="520" ind1=" " ind2=" ">
    <subfield code="a">W pracy wykorzystano do&#x15B;wiadczalnie wyprodukowane kie&#x142;baski drobiowe z po&#x142;&#x105;czenia dw&#xF3;ch g&#x142;&#xF3;wnych sk&#x142;adnik&#xF3;w z &#x17C;&#xF3;&#x142;tym serem: mi&#x119;sa indyczego z separacji mi&#x119;kkiej (mix), mi&#x119;sa kl. III ze strusia, sera &#x17C;&#xF3;&#x142;tego specjalnie przygotowanego do tego rodzaju wyrob&#xF3;w oraz odpowiednio przygotowan&#x105; mieszank&#x119; (patent). Modyfikacje przy poszczeg&#xF3;lnych procesach technologicznych oparte zosta&#x142;y na podstawie do&#x15B;wiadcze&#x144; mistrz&#xF3;w z dw&#xF3;ch regionalnych zak&#x142;ad&#xF3;w. Projekt badawczy zak&#x142;ada&#x142; ocen&#x119; konsumenck&#x105; we Francji i w Polsce dla por&#xF3;wnania preferencji konsumenckich oraz mo&#x17C;liwo&#x15B;&#x107; wprowadzenia danego wyrobu na tamtejszy rynek.</subfield>
  </datafield>
  <datafield tag="650" ind1=" " ind2="0">
    <subfield code="a">Kie&#x142;basa. </subfield>
  </datafield>
  <datafield tag="650" ind1=" " ind2="0">
    <subfield code="a">Dr&#xF3;b.</subfield>
  </datafield>
  <datafield tag="655" ind1=" " ind2="0">
    <subfield code="a">Materia&#x142;y konferencyjne.</subfield>
  </datafield>
  <datafield tag="700" ind1="1" ind2=" ">
    <subfield code="a">BOROWY, Tomasz - doktorant.</subfield>
  </datafield>
  <datafield tag="700" ind1="1" ind2=" ">
    <subfield code="a">LIS, Mateusz - doktorant.</subfield>
  </datafield>
  <datafield tag="711" ind1="2" ind2="2">
    <subfield code="a">Konferencja Student&#xF3;w i M&#x142;odych Pracownik&#xF3;w Nauki Wydzia&#x142;u Mechanicznego</subfield>
    <subfield code="n">(6 ;</subfield>
    <subfield code="d">2009 ;</subfield>
    <subfield code="c">Koszalin, Polska).</subfield>
  </datafield>
  <datafield tag="711" ind1="2" ind2="2">
    <subfield code="a">Og&#xF3;lnopolska Konferencja Studenckich K&#xF3;&#x142; Naukowych Uczelni Technicznych</subfield>
    <subfield code="n">(2 ;</subfield>
    <subfield code="d">2009 ;</subfield>
    <subfield code="c">Koszalin, Polska).</subfield>
  </datafield>
  <datafield tag="773" ind1="0" ind2=" ">
    <subfield code="i">W :</subfield>
    <subfield code="t">Materia&#x142;y VI Konferencji Student&#xF3;w i M&#x142;odych Pracownik&#xF3;w Nauki Wydzia&#x142;u Mechanicznego oraz II Og&#xF3;lnopolskiej Konferencji Studenckich K&#xF3;&#x142; Naukowych Uczelni Technicznych : XXXI Tydzie&#x144; Kultury Studenckiej / pod red. Marka Fligla, Leona Kukie&#x142;ki. -</subfield>
    <subfield code="d">Koszalin : Wydaw. Uczelniane Politechniki Koszali&#x144;skiej, 2009. -</subfield>
    <subfield code="g">s. 175-182</subfield>
  </datafield>
  <datafield tag="942" ind1=" " ind2=" ">
    <subfield code="c">ROZ</subfield>
    <subfield code="2">UKD</subfield>
  </datafield>
  <datafield tag="999" ind1=" " ind2=" ">
    <subfield code="c">2684</subfield>
    <subfield code="d">2684</subfield>
  </datafield>
  <datafield tag="952" ind1=" " ind2=" ">
    <subfield code="0">0</subfield>
    <subfield code="1">0</subfield>
    <subfield code="4">0</subfield>
    <subfield code="7">0</subfield>
    <subfield code="a">BPK</subfield>
    <subfield code="b">BPK</subfield>
    <subfield code="o">94648</subfield>
    <subfield code="y">ROZ</subfield>
  </datafield>
</record>
